000 01976cam a22004814i 4500
003 PE-LiUPU
005 20250731184554.0
008 150625s r 000 0 d
020 _a9972752704
035 _a(Sirsi) i9789972752704
040 _aPE-LiUPU
_bspa
_cPE-LiUPU
_erda
082 0 4 _a909
_bS18
_221
110 2 _aSalvat Editores
245 1 3 _aEl auge del cristianismo.
_n8 /
_cSalvat Editores.
264 1 _aLima :
_bSalvat Editores,
_c2005.
300 _a424 páginas :
_bilustraciones, fotos, mapas, diagrs, figuras, ;
_c22 cm.e.
336 _atext
_2rdacontent
337 _aunmediated
_2rdamedia
338 _avolume
_2rdacarrier
490 0 _aHistoria Universal ;
_v8
504 _aIncluye referencias bibliográficas al final de cada artículo.
505 0 _aJesús de Nazaret. -Predicación del cristianismo. Persecuciones. -Las sectas gnósticas y el concilio de Nicea. -Fin del paganismo. Juliano el Apóstata. -La caida de Roma. Atila. -Reconquista de Occidente. Justiniano. -Los códigos germánicos. -Desarrollo del catolisismo. -San Agustín . -Los primeros monjes cristianos. San Basilio. -Formación del estado pontificio. San Gregorio Magno.
526 _aP136
526 _aP135
526 _aP134
526 _aP133
526 _aP144
526 _aP143
526 _aP87
526 _aP35
526 _aP20
526 _aP14
526 _aP10
526 _aP06
600 1 4 _aJesucristo
_xHistoricidad.
_95046
650 2 4 _aCristianismo.
910 _baj
_ceq-sm
_d20050829
942 _2ddc
_cBOOK
949 _a909 S18 8
_wDEWEY
_c1
_i55684
_lCCODEBUL1
_mBUL
_p6.00
_r0
_sY
_tBOOK
_u2015-06-25
_xBIBLIOTECA
_zUNKNOWN
_0COMPRA
_o.STAFF. Colección General
596 _a1
999 _a909 S18 8
_wDEWEY
_c44542
_i55684
_d44542
_e2017-4-10
_f2021-11-9
_g5
_lCCODEBUL1
_mBUL
_n4
_p6.00
_r0
_sY
_tBOOK
_u2015-6-25
_xEDUCACION
_zUNKNOWN
_0COMPRA
_o.STAFF. Colección General
980 _81
_gALBERTO SANCHEZ Responsable de Automatización